000 01089nam a22002897a 4500
005 20240530110524.0
008 150531s2010 ua g b 000 0 ara d
017 _a3194
_bمصر . دار الكتب المصرية
020 _a9789773771216
040 _aEG-CaGPL
082 0 4 _221
_a303.4833\
_bح إ
100 1 _aحسن ، روبرت .
245 1 2 _aالاعلام والسياسة و مجتمع الشبكات /
_cتاليف روبرت حسن ؛ بسمة حسن .
250 _aط1.
260 _aالقاهرة :
_bمجموعة النيل العربية ،
_c2010 .
300 _a248 ص ؛
_c24 سم .
504 _aببليوجرافية : ص 241 - 248
650 0 4 _aوسائل الاعلام .
650 0 4 _aمجتمع الشبكات .
650 0 4 _aالاعلام التكتيكى .
650 0 4 _aالعولمة الرقمية .
650 0 4 _aشبكات الحاسبات الالكترونية .
650 0 4 _aالاعلام الرقمى .
700 0 _aبسمة ياسين .
_eمترجم
942 _2ddc
_cBK
999 _c61964
_d61964